Top 100 Baby Girl Names in 2019 - New Zealand - Statistics

General Stats
  • This quiz has been taken 512 times
  • The average score is 55 of 100
Answer Stats
Rank Hint Answer % Correct
4 O Olivia
91%
2 C Charlotte
86%
27 E Emma
86%
16 Z Zoe
85%
99 Z Zoey
85%
54 I Isabelle
84%
1 A Amelia
82%
57 E Emilia
82%
13 E Emily
82%
12 E Ella
81%
11 G Grace
81%
53 H Hannah
81%
15 M Mia
80%
10 A Ava
79%
47 A Ayla
79%
3 I Isla
79%
17 C Chloe
78%
58 E Elizabeth
77%
84 L Lilly
77%
19 L Lily
77%
100 S Sarah
77%
59 S Sofia
77%
21 S Sophia
77%
14 I Isabella
75%
6 S Sophie
75%
9 W Willow
74%
91 A Anna
72%
24 I Ivy
70%
20 L Lucy
70%
5 R Ruby
70%
41 E Ellie
69%
40 Z Zara
69%
45 E Eva
68%
7 H Harper
68%
89 R Rose
68%
49 A Alice
67%
22 E Evelyn
65%
36 M Maia
63%
23 A Aria
62%
30 A Abigail
61%
25 G Georgia
61%
66 P Penelope
61%
43 M Maddison
60%
69 M Madison
60%
8 M Mila
60%
50 V Violet
59%
96 V Victoria
58%
32 F Freya
57%
73 H Holly
57%
52 B Bella
56%
28 E Evie
56%
44 O Olive
56%
39 M Millie
55%
29 S Scarlett
54%
33 R Riley
53%
37 P Poppy
52%
67 Q Quinn
52%
85 J Jessica
51%
74 I Imogen
50%
34 L Layla
50%
51 L Luna
50%
35 S Sienna
50%
64 E Eleanor
49%
55 F Florence
48%
18 H Hazel
48%
88 L Lola
47%
60 S Stella
47%
77 E Elsie
46%
82 L Leah
46%
63 P Phoebe
45%
65 A Amber
44%
94 D Daisy
41%
72 H Harriet
41%
90 A Annabelle
40%
26 M Matilda
40%
81 A Addison
39%
68 J Jasmine
39%
83 M Maisie
37%
87 H Heidi
36%
71 S Summer
36%
62 A Aurora
35%
80 N Nina
33%
56 S Sadie
33%
97 A Ada
32%
48 P Piper
30%
31 T Thea
30%
92 P Peyton
29%
61 E Eden
28%
70 A Aaliyah
27%
95 E Esther
27%
93 C Charlie
26%
46 F Frankie
26%
42 I Indie
26%
38 M Mackenzie
26%
76 C Cora
25%
86 H Harlow
18%
98 M Marley
15%
78 B Billie
13%
75 K Kiara
7%
79 A Amaia
3%
No matching quizzes found
Score Distribution
Percent of People with Each Score
Percentile by Number Answered
Your Score History
You have not taken this quiz